01127naa#a2200229#i#4500001001600000005001700016011001400033100004100047101000800088102000700096200025000103210008300353215001000436608004500446675011000491700005600601700006000657700005200717700005200769700005600821856002000877RU\\bibl\12462320260630050644.2##a2077-7566##a20260629b2026####ek#y0rusy0150####ca0#aRUS##aRU1#aУРОВЕНЬ МАТРИКСНЫХ МЕТАЛЛОПРОТЕИНАЗ ПРИ ВОСПАЛИТЕЛЬНЫХ ЗАБОЛЕВАНИЯХ ПАРОДОНТА (Экспериментальное исследование)eЖурнальная статья1#aЕкатеринбургcИздательский Дом «ТИРАЖ»d2026##a7 с.##aЖурнальная статья2local##aСтоматология. Заболевания ротовой полости и зубов. 616.31zRUS#1aПоповgВячеслав Анатольевич#1aКисельниковаgЛариса Петровна#1aШагровgЛеонид Леонидович#1aЗвездинаgЮлия Михайловна#1aПоповаgДарья Александровна4#adental-press.ru